=LDR 00000nam 2200000 4500 =001 INLIS000000000012858 =005 20130612104334 =008 ***********************************Ind** =035 ##$$0010-061300000012858 =041 ##$$a Ind =082 ##$$a 2x2.5 =090 ##$$a 2x2.5, Mah k =100 ##$$a Al-Mahdali, Sayyid Muhammad Ugail bin Ali =245 ##$$a Kritik hadist-hadist Ihya 'Ulumuddin, Sayyid Muhammad Ugail Bin Ali Al-Mahdali : Penerjemah, Budianto =260 ##$$a 2004 $b Jakarta =300 ##$$a 226 hlm., 22 cm =650 ##$$a Hadis =650 ##$$a Kritik dan kometar =700 ##$$a Budianto =850 ##$$a NBPNMAT =990 ##$$a 21602128/BPAP-NTB/2017 =990 ##$$a 1208112081 =990 ##$$a 01201712081 =990 ##$$a 21602128/BPAP-NTB/2017